000 01021nam a2200289 i 4500
001 C2-0337495
003 PPAK
005 20180728140233.0
008 160824s2016 my a|||| ||||| | may d
020 _a9789830075440
040 _aPPAK
_beng
_cPPAK
_erda
082 0 4 _a745.2076
_223
090 0 0 _a745.2076
_bKAM
_dR
100 0 _aKamaros Zaman Mohd. Affendi,
_eauthor
245 1 0 _aKemahiran hidup bersepadu :
_b(Perdagangan dan Keusahawanan). Tingkatan 1 . 2 . 3
264 1 _aJohor Bahru, Johor :
_bPenerbitan Pelangi Sdn. Bhd. ,
_c2016
300 _avi, 490 pages :
_bcolour illustrations ;
_c26 cm
336 _2rdacontent
_atext
337 _2rdamedia
_aunmediated
338 _2rdacarrier
_avolume
490 1 _aFocus PT3
500 _aTingkatan 1 . 2 . 3 ; Includes questions and answers.
650 1 0 _aCommerce - Problems, exercises, etc. ; Entrepreneurship - Problems, exercises, etc. ; Industrial arts - Problems, exercises, etc.
700 _eauthor
830 0 _aFocus PT3
942 _ddc
_cB
999 _c135149
_d135149